000 00589nam a2200217 i 4500
001 17416
003 ES-MaACL
005 20230906151557.0
007 t|
008 010302s2000 sp ||||1| spa d
020 _a84-7731-350-4
080 _a821.134.2-14"19"
100 1 _aHuidobro, María.
_964675
245 1 3 _aEl perdurable encanto de los mitos /
_cMaría Huidobro.
260 _aMadrid :
_bEndymion,
_c2000.
300 _a116 p. ;
_c20 cm.
490 1 _aPoesía ;
_v273
830 0 _aPoesía ;
_v273
_9177794
852 _aES-MaACL
_jL-24404
_bR.129261
999 _c17416
_d17416